000 00923nmm a2200337 a 4500
003 AR-BaBNM
005 20251128203413.0
008 227019s1973 ||||||||||||||000 | spa||
040 _cAR-BaBNM
100 1 _aVilanova, José Manuel
245 1 0 _aFilosofía del derecho y fenomenología existencial
260 _aBuenos Aires
_bCooperadora de Derecho y Ciencias Sociales
_c1973
300 0 _a338 p.
_bdiagr.
500 0 _aIndices al final de la obra
600 1 4 _aCossio, Carlos
_d1903-1987
600 1 4 _aKelsen, Hans
650 4 _aDERECHO
650 4 _aFILOSOFIA
650 4 _aCONOCIMIENTO
650 4 _aFILOSOFIA DEL DERECHO
650 4 _aHISTORIA DEL DERECHO
650 4 _aLOGICA
650 4 _aONTOLOGIA
650 4 _aNORMAS
650 4 _aJUSTICIA
650 4 _aINTERPRETACION
650 4 _aFUENTES DEL DERECHO
700 1 _aPucciarelli, Eugenio
_eprologuista
942 _cBK
998 _cAndrea
999 _c3227
_d3227